Statistics for Famous Battles on the Map

Click here to take the quiz!

General Stats

  • This quiz has been taken 1,809 times
  • The average score is 13 of 27

Answers on the Map

Answers color-coded by a green-red scale on the quiz's map according to % correct below.
 

Answer Stats

DateBattle% Correct
1-3 Jul 1863Gettysburg
77%
7 Dec 1941Pearl Harbor
75%
Feb-Mar 1836Alamo
72%
Aug 1942- Feb 1943Stalingrad
70%
4-7 Jun 1942Midway
69%
6 Jun 1944Normandy
69%
Feb-Mar 1945Iwo Jima
63%
18 Jun 1815Waterloo
63%
Apr-Jun 1945Okinawa
61%
1 Jul- 18 Nov 1916The Somme
58%
14 Oct 1066Hastings
56%
Dec 1944- Jan 1945The Bulge
52%
21 Oct 1805Trafalgar
51%
Feb 1915- Jan 1916Gallipoli
49%
Feb-Dec 1916Verdun
48%
23 Oct- 11 Nov 1942El Alamein
42%
12-15 Nov 1942Guadalcanal
40%
480 BC Thermopylae
40%
490 BCMarathon
38%
Sep-Oct 1781Yorktown
36%
17 Jun 1775Bunker Hill
31%
25 Oct 1415Agincourt
28%
16-19 Oct 1813Leipzig
28%
7 Oct 1777Saratoga
28%
6-10 Sep 1914The Marne
25%
21 Jul 1861Bull Run
19%
8 Aug 1588Gravelines
3%

Score Distribution

Percentile by Number Answered

Percent of People with Each Score

Your Score History

You have not taken this quiz